00687nam a2200241 a 4500001001300000003000900013005001700022008004100039020000900080082001600089100001800105245002700123260004500150300000800195500003500203650002000238700002200258700001800280902000800298942000700306952011500313999001700428nice12345678IN_TiNIC20260116014854.0110323s2002 newa grp 000 0 eng  ac3500a362.7bGEO3 aGeorge, S D B aLiving By Values (B.4) aNew Delhi bSavio Pubs. Pvt. Ltd. c2002 a56p aincludes index and biblioraphy aChild Education1 aMariella, I B M V1 aJerry, Thomas bSRS cBK 001040708StackRoom-aHMIbHMId2011-03-23g35.00l0o362.7 GEO3p023585r2011-03-23v35.00w2011-03-23yBK c17355d17355